000 00292nam a22001337a 4500
008 170228b xxu||||| |||| 00| 0 eng d
020 _a0721631401
041 _aeng
080 _22ND
_a616.8-006
100 _a6
101 _aSHM
245 _aCANCER OF THE BREAST
_cDONEGAN
942 _2udc
_cBK
999 _c6428
_d6428